[Event "Titled Tue 26th Aug Early"]
[Site "chess.com INT"]
[Date "2025.08.26"]
[Round "2"]
[White "Turgut, Hakan"]
[Black "Bardyk, Artem"]
[Result "1-0"]
[WhiteTitle "CM"]
[BlackTitle "FM"]
[WhiteElo "2219"]
[BlackElo "2332"]
[WhiteFideId "26304740"]
[BlackFideId "34349979"]
[EventDate "2025.08.26"]

1. e4 c6 2. d3 d5 3. Nd2 e5 4. Ngf3 Bd6 5. d4 exd4 6. exd5 Nf6 7. Nc4 O-O 8. Be2
Bb4+ 9. Bd2 Bxd2+ 10. Qxd2 cxd5 11. Nce5 Nc6 12. Nxc6 bxc6 13. Nxd4 c5 14. Nb3
Ne4 15. Qe3 c4 16. Nd4 Qa5+ 17. c3 Qb6 18. O-O Qxb2 19. Bxc4 Nd2 20. Bxd5 Nxf1
21. Rxf1 Ba6 22. Re1 Rac8 23. Nf5 Rcd8 24. Qe5 Qxc3 25. Qxc3 1-0

[Event "Titled Tue 26th Aug Early"]
[Site "chess.com INT"]
[Date "2025.08.26"]
[Round "2"]
[White "Amburgy, Ryan"]
[Black "Sakhayi, Mostafa"]
[Result "1-0"]
[WhiteTitle "FM"]
[BlackTitle "CM"]
[WhiteElo "2363"]
[BlackElo "2166"]
[WhiteFideId "30924820"]
[BlackFideId "12512532"]
[EventDate "2025.08.26"]

1. d4 Nf6 2. c4 e6 3. Nc3 Bb4 4. Qc2 O-O 5. a3 Bxc3+ 6. Qxc3 d5 7. e3 b6 8. Nf3
Bb7 9. Be2 Nbd7 10. b3 c5 11. Bb2 Rc8 12. O-O Qe7 13. dxc5 Nxc5 14. Rad1 dxc4
15. Bxc4 Bxf3 16. gxf3 b5 17. Bxb5 Qb7 18. Be2 Nxb3 19. Qe5 Rc5 20. Qg3 Nh5 21.
Qg4 Rc2 22. Bd3 Rxb2 23. Qxh5 g6 24. Qe5 Rd2 25. Be4 Qe7 26. Qc3 Rxd1 27. Rxd1
Nc5 28. Bc2 Qg5+ 29. Kf1 Qh5 30. Ke2 Rb8 31. Qf6 Qxh2 32. Rd8+ Rxd8 33. Qxd8+
Kg7 34. Qd4+ e5 35. Qxc5 h5 36. Qxa7 h4 37. Bb3 h3 38. Qxf7+ Kh6 39. Qf8+ Kh5
40. Be6 Qg2 41. Bxh3 1-0

[Event "Titled Tue 26th Aug Early"]
[Site "chess.com INT"]
[Date "2025.08.26"]
[Round "2"]
[White "Erigaisi, Arjun"]
[Black "Gong, Qianyun"]
[Result "1-0"]
[WhiteTitle "GM"]
[BlackTitle "WGM"]
[WhiteElo "2776"]
[BlackElo "2229"]
[WhiteFideId "35009192"]
[BlackFideId "8602425"]
[EventDate "2025.08.26"]

1. Nf3 Nf6 2. b3 g6 3. Bb2 Bg7 4. c4 b6 5. e3 Bb7 6. Be2 d6 7. d4 Nbd7 8. O-O
O-O 9. Nc3 e5 10. d5 a5 11. a3 Nc5 12. Nd2 Ne8 13. b4 axb4 14. axb4 Na6 15. Qb3
f5 16. Ra2 Nb8 17. Rxa8 Bxa8 18. Ra1 Nd7 19. Ra7 Nef6 20. Nb5 c6 21. dxc6 Bxc6
22. Nxd6 Qb8 23. c5+ Kh8 24. Ra6 Bd5 25. Bc4 Bxc4 26. N2xc4 bxc5 27. b5 h6 28.
b6 Nd5 29. b7 Nb4 30. Ra8 Qc7 31. Rxf8+ Nxf8 32. Bxe5 Bxe5 33. Nxe5 Kh7 34. Nef7
Nc6 35. h4 Qe7 36. Qb2 Nd4 37. b8=Q 1-0

[Event "Titled Tue 26th Aug Early"]
[Site "chess.com INT"]
[Date "2025.08.26"]
[Round "2"]
[White "Goldin, Roman"]
[Black "Vahidov, Tair"]
[Result "0-1"]
[WhiteTitle "FM"]
[BlackTitle "GM"]
[WhiteElo "2284"]
[BlackElo "2296"]
[WhiteFideId "2803860"]
[BlackFideId "14200155"]
[EventDate "2025.08.26"]

1. e4 e5 2. Nf3 Nf6 3. Nxe5 d6 4. Nc4 Nxe4 5. d4 Be7 6. Ne3 d5 7. Bd3 O-O 8. O-O
c6 9. c4 Nf6 10. Nc3 Be6 11. c5 b6 12. cxb6 axb6 13. Qf3 g6 14. Re1 Nbd7 15. b3
Re8 16. h3 Bf8 17. Bd2 Bg7 18. g4 h6 19. Nc2 Re7 20. Re2 Qc7 21. Rae1 Ree8 22.
Bf4 Qb7 23. g5 hxg5 24. Bxg5 Nh7 25. Bh4 Ndf8 26. Ne3 Qd7 27. Ng4 Bxg4 28. hxg4
Rxe2 29. Rxe2 Bxd4 30. Bb1 Re8 31. Nd1 Rxe2 32. Qxe2 Qe6 33. Qxe6 Nxe6 34. Bg3
Nhg5 35. Kg2 Ne4 36. f4 Nxg3 37. Kxg3 Bc5 38. Nc3 Bb4 39. Na4 b5 40. Nb6 Kf8 41.
Nc8 Ke8 42. f5 gxf5 43. Bxf5 Nd4 44. Na7 Bc5 45. Nc8 Nxf5+ 46. gxf5 Kd7 0-1

[Event "Titled Tue 26th Aug Early"]
[Site "chess.com INT"]
[Date "2025.08.26"]
[Round "2"]
[White "Amaya, Brayan Angel"]
[Black "Zampronha, Wladimir Camilo"]
[Result "1-0"]
[WhiteElo "1965"]
[BlackElo "2157"]
[WhiteFideId "39909646"]
[BlackFideId "2103087"]
[EventDate "2025.08.26"]

1. d4 Nf6 2. Bg5 Ne4 3. Bc1 c5 4. f3 Nf6 5. d5 e6 6. e4 exd5 7. exd5 d6 8. c4 g6
9. Nc3 Bg7 10. Bd3 O-O 11. Nge2 Re8 12. O-O a6 13. Rb1 Nbd7 14. f4 Ng4 15. Rf3
Qe7 16. h3 Ngf6 17. Re3 Qd8 18. Rxe8+ Qxe8 19. Bd2 Rb8 20. Qf1 Qd8 21. Qf3 Nf8
22. g4 Bd7 23. a4 Ne8 24. Ne4 Qc7 25. b3 b5 26. axb5 axb5 27. Bc3 Bxc3 28. N2xc3
bxc4 29. Bxc4 f5 30. Ng3 Ng7 31. Re1 Qd8 32. g5 Ra8 33. h4 Ra7 34. h5 Qa8 35. h6
Ne8 36. Kg2 Ra1 37. Re2 Rc1 38. Ra2 Qb8 39. Nge2 Re1 40. Qg3 Rxe2+ 41. Nxe2 Qb4
42. Qc3 Qb6 43. Qa5 Qb8 44. Nc3 Nc7 45. Re2 Be8 46. Re7 Nd7 47. Nb5 Nxb5 48.
Qxb5 Qd8 49. Rg7+ Kh8 50. Qb7 Qa5 51. Re7 Qd2+ 52. Re2 Qxf4 53. Rxe8+ Nf8 54.
Rxf8# 1-0

[Event "Titled Tue 26th Aug Early"]
[Site "chess.com INT"]
[Date "2025.08.26"]
[Round "2"]
[White "Zaw, Ye Htut"]
[Black "Miserendino, Alfredo"]
[Result "1-0"]
[WhiteTitle "CM"]
[WhiteElo "2074"]
[BlackElo "2032"]
[WhiteFideId "13013955"]
[BlackFideId "101800"]
[EventDate "2025.08.26"]

1. e4 c5 2. Nf3 e6 3. d4 cxd4 4. Nxd4 Bc5 5. Nc3 Qb6 6. Na4 Qa5+ 7. c3 Bxd4 8.
Qxd4 Nf6 9. Nc5 O-O 10. Be2 d5 11. e5 Nc6 12. Qe3 d4 13. Qg3 Nh5 14. Bxh5 Qxc5
15. Bf4 dxc3 16. bxc3 Qc4 17. Be2 Qe4 18. f3 Qg6 19. O-O Qxg3 20. Bxg3 b6 21. f4
Bb7 22. Bf3 Rfd8 23. Bh4 Rd3 24. Rad1 Rxd1 25. Rxd1 g6 26. Rd7 1-0

[Event "Titled Tue 26th Aug Early"]
[Site "chess.com INT"]
[Date "2025.08.26"]
[Round "2"]
[White "Mullodzhanov, Nathaniel"]
[Black "Brilej, Jaka"]
[Result "1-0"]
[BlackTitle "FM"]
[WhiteElo "2120"]
[BlackElo "2334"]
[WhiteFideId "30961580"]
[BlackFideId "14618818"]
[EventDate "2025.08.26"]

1. e4 c6 2. Nf3 d5 3. Nc3 Bg4 4. h3 Bxf3 5. Qxf3 e6 6. d3 Bc5 7. g3 Ne7 8. Bg2
Nd7 9. O-O O-O 10. Qe2 Ng6 11. Rd1 Bb6 12. Na4 Bc7 13. Be3 f5 14. f4 b5 15. Nc5
Nxc5 16. Bxc5 Bb6 17. Qf2 Bxc5 18. Qxc5 Qb6 19. Qf2 Ne7 20. e5 c5 21. Kh2 Ng6
22. h4 Ne7 23. c3 a5 24. a4 b4 25. c4 Rad8 26. cxd5 Nxd5 27. Rac1 Ne7 28. Qxc5
Nc8 29. Qxb6 Nxb6 30. Rc6 Nxa4 31. Rd2 Kf7 32. Bf3 Rc8 33. Ra6 Rc5 34. Bd1 Nc3
35. bxc3 bxc3 36. Ra2 Rd8 37. Bc2 Rb8 38. Ra7+ Kg6 39. Ra1 Rb2 40. Rc1 Rd5 41.
Kg1 Kh5 42. Rxg7 1-0

[Event "Titled Tue 26th Aug Early"]
[Site "chess.com INT"]
[Date "2025.08.26"]
[Round "2"]
[White "Chassard, Cedric"]
[Black "Foldes, Marton Gabor"]
[Result "0-1"]
[WhiteTitle "FM"]
[BlackTitle "FM"]
[WhiteElo "2208"]
[BlackElo "2293"]
[WhiteFideId "16243536"]
[BlackFideId "794708"]
[EventDate "2025.08.26"]

1. d4 Nf6 2. Nf3 b6 3. Bf4 Bb7 4. e3 d6 5. h3 Nbd7 6. Be2 g6 7. Nbd2 Bg7 8. O-O
O-O 9. c3 Qe8 10. Bh2 e5 11. Qc2 Qe7 12. Rfe1 e4 13. Nh4 Qe6 14. f4 Nd5 15. Bg4
f5 16. Bd1 Bf6 17. g3 Bxh4 18. gxh4 Qe7 19. Bg3 Kh8 20. Kf2 c5 21. Be2 Rac8 22.
Qb3 N7f6 23. a3 Nxe3 24. Kxe3 Nd5+ 25. Kf2 e3+ 26. Kg1 exd2 27. Bf3 dxe1=Q+ 28.
Rxe1 Qf7 29. dxc5 dxc5 30. c4 Nf6 31. Qc3 Bxf3 32. Qxf3 Ne4 33. Qg4 fxg4 34.
hxg4 Nxg3 0-1

[Event "Titled Tue 26th Aug Early"]
[Site "chess.com INT"]
[Date "2025.08.26"]
[Round "2"]
[White "Tang, Andrew"]
[Black "Zdorov, Egor Vit"]
[Result "0-1"]
[WhiteTitle "GM"]
[BlackTitle "CM"]
[WhiteElo "2538"]
[BlackElo "2094"]
[WhiteFideId "2059630"]
[BlackFideId "55688560"]
[EventDate "2025.08.26"]

1. d4 Nf6 2. c4 e6 3. Nc3 Bb4 4. Qc2 d6 5. Nf3 O-O 6. Bd2 b6 7. e4 c5 8. e5 cxd4
9. exf6 dxc3 10. bxc3 Qxf6 11. Ng5 g6 12. Ne4 Qe5 13. f4 Qg7 14. Rb1 Bc5 15.
Nxc5 dxc5 16. Qe4 Nc6 17. Qxc6 Rb8 18. Qa4 e5 19. Be2 Bf5 20. Rc1 Rbd8 21. Be3
exf4 22. Bxf4 Rfe8 23. Kf2 Qf6 24. Bf3 Be4 25. Be3 Bxf3 26. gxf3 Rxe3 27. Kxe3
Qe5+ 28. Kf2 Rd2+ 29. Kg1 Qe3+ 30. Kf1 Qf2# 0-1

[Event "Titled Tue 26th Aug Early"]
[Site "chess.com INT"]
[Date "2025.08.26"]
[Round "2"]
[White "Rahman, Masruri"]
[Black "Aguilera Rodriguez, Alfredo R."]
[Result "1-0"]
[WhiteTitle "IM"]
[BlackTitle "FM"]
[WhiteElo "2407"]
[BlackElo "2348"]
[WhiteFideId "7101163"]
[BlackFideId "3512991"]
[EventDate "2025.08.26"]

1. d4 Nf6 2. Bf4 e6 3. e3 d5 4. Nd2 Bd6 5. Bg3 O-O 6. Bd3 Nc6 7. Ngf3 Nh5 8.
Bxd6 Qxd6 9. Ne5 Nxe5 10. Bxh7+ Kxh7 11. Qxh5+ Kg8 12. dxe5 Qb4 13. O-O-O f5 14.
h3 Bd7 15. Nf3 Be8 16. Qg5 c5 17. h4 Rf7 18. h5 Qg4 19. h6 Qxg5 20. Nxg5 Re7 21.
hxg7 Rxg7 22. Nxe6 Rxg2 23. Nf4 Rg7 24. Nxd5 Bc6 25. Nf6+ Kf7 26. Rh6 Ke7 27.
Nh5 Rg5 28. Nf4 Rg7 29. Rdd6 Rag8 30. Rhe6+ Kf7 31. Rf6+ Ke7 32. Ng6+ Ke8 33.
Rfe6+ 1-0

[Event "Titled Tue 26th Aug Early"]
[Site "chess.com INT"]
[Date "2025.08.26"]
[Round "2"]
[White "Galstyan, David"]
[Black "Nasuta, Grzegorz"]
[Result "1-0"]
[WhiteTitle "FM"]
[BlackTitle "GM"]
[WhiteElo "2284"]
[BlackElo "2513"]
[WhiteFideId "54516196"]
[BlackFideId "1141686"]
[EventDate "2025.08.26"]

1. e4 c5 2. Nf3 d6 3. d4 cxd4 4. Nxd4 a6 5. c4 b6 6. Nc3 Bb7 7. Bd3 Nf6 8. O-O
e6 9. f4 Nbd7 10. Qf3 Rc8 11. Bd2 g6 12. Rae1 Bg7 13. f5 gxf5 14. Nxf5 exf5 15.
exf5+ Kf8 16. Qxb7 d5 17. Nxd5 Nc5 18. Bb4 Nxd5 19. cxd5 Bxb2 20. f6 Rb8 21.
Qe7+ Qxe7 22. fxe7+ Ke8 23. Bf5 Bd4+ 24. Kh1 a5 25. Ba3 b5 26. d6 b4 27. Bc1 Rb6
28. Bf4 Rg8 29. Rd1 1-0

[Event "Titled Tue 26th Aug Early"]
[Site "chess.com INT"]
[Date "2025.08.26"]
[Round "2"]
[White "Osetrov, Dmitrij"]
[Black "Almedina Ortiz, Edgardo J."]
[Result "0-1"]
[WhiteTitle "CM"]
[BlackTitle "FM"]
[WhiteElo "2202"]
[BlackElo "2210"]
[WhiteFideId "44139713"]
[BlackFideId "3100197"]
[EventDate "2025.08.26"]

1. d4 Nf6 2. c4 g6 3. Nf3 Bg7 4. g3 O-O 5. Bg2 d5 6. cxd5 Nxd5 7. O-O Nc6 8. e4
Nb6 9. d5 Na5 10. Nc3 c6 11. Bf4 Nac4 12. Qe2 cxd5 13. Nxd5 Nxd5 14. exd5 Nxb2
15. Rac1 Bg4 16. Rfe1 Qxd5 17. h3 Bxf3 18. Bxf3 Qxa2 19. Qxe7 Nd3 20. Re2 Qb3
21. Rc7 Nxf4 22. gxf4 Qxf3 23. Rxb7 a5 24. Rd2 Qxh3 25. Rdd7 Qg4+ 26. Kf1 Qxf4
27. Qa3 a4 28. Qa2 a3 29. Rd3 Qe4 30. Rbb3 Qh1+ 31. Ke2 Rfe8+ 32. Re3 Rxe3+ 33.
Rxe3 Bb2 34. Re7 Qh5+ 35. Kf1 Qh1+ 36. Ke2 Rf8 37. Qb3 Qb1 38. Ra7 Qe4+ 39. Kf1
Qh1+ 40. Ke2 Re8+ 41. Kd2 Qe1+ 42. Kd3 Qe2# 0-1

[Event "Titled Tue 26th Aug Early"]
[Site "chess.com INT"]
[Date "2025.08.26"]
[Round "2"]
[White "Silwal, Purushottam"]
[Black "Mesquita, Eduardo Barbosa"]
[Result "1-0"]
[WhiteTitle "CM"]
[WhiteElo "2129"]
[BlackElo "2060"]
[WhiteFideId "12332313"]
[BlackFideId "22757163"]
[EventDate "2025.08.26"]

1. e4 c5 2. Nf3 d6 3. d4 cxd4 4. Nxd4 Nf6 5. Nc3 a6 6. h3 b5 7. g4 b4 8. Nd5 Bb7
9. Bg2 Nbd7 10. g5 Ng8 11. Nxb4 Qb6 12. Nd5 Qd8 13. Be3 e6 14. Nc3 Ne7 15. Qe2
Rc8 16. O-O-O Qa5 17. Nb3 Qc7 18. f4 Ng6 19. f5 Nge5 20. Rhf1 Be7 21. Nd4 Nc5
22. Kb1 g6 23. h4 O-O 24. h5 Rfe8 25. hxg6 hxg6 26. fxe6 fxe6 27. Bh3 Bf8 28.
Rf6 Bg7 29. Nxe6 Nxe6 30. Bxe6+ Rxe6 31. Rxe6 Rd8 32. Bd4 Bc8 33. Nd5 Qf7 34.
Re7 Qf8 35. Rf1 Bg4 36. Rxf8+ Rxf8 37. Qe1 Nf3 38. Rxg7+ Kh8 39. Qh1+ Bh5 40.
Rxg6+ 1-0

[Event "Titled Tue 26th Aug Early"]
[Site "chess.com INT"]
[Date "2025.08.26"]
[Round "2"]
[White "Atanasov, Anthony"]
[Black "Kocharin, Timur"]
[Result "1-0"]
[WhiteTitle "IM"]
[BlackTitle "FM"]
[WhiteElo "2411"]
[BlackElo "2310"]
[WhiteFideId "2623897"]
[BlackFideId "16240936"]
[EventDate "2025.08.26"]

1. d4 Nf6 2. Bf4 d5 3. e3 c5 4. Nf3 Nc6 5. Nbd2 e6 6. c3 Nh5 7. Bg3 g6 8. Bb5
Bd7 9. a4 a6 10. Bxc6 Bxc6 11. Ne5 Nxg3 12. hxg3 Qc7 13. Qf3 Bg7 14. Qf4 Qe7 15.
Ndf3 Rc8 16. a5 Bb5 17. g4 f6 18. Nxg6 hxg6 19. Rxh8+ Bxh8 20. dxc5 Rxc5 21.
Qb8+ Qd8 22. Qxb7 Qc8 23. Qh7 Rxc3 24. Qxh8+ Kd7 25. Qg7+ Kd6 26. Rd1 Rc2 27.
Nd4 Rxb2 28. Nxb5+ axb5 29. Qxf6 Qc2 30. Qd8+ Ke5 31. Qb8+ Kf6 32. Qf8+ Kg5 33.
Qf4+ Kh4 34. Qg3+ Kg5 35. Qf4+ Kh4 36. Qh6+ Kxg4 37. f3+ Kg3 38. Qh3# 1-0

[Event "Titled Tue 26th Aug Early"]
[Site "chess.com INT"]
[Date "2025.08.26"]
[Round "2"]
[White "Romero Ruscalleda, Josep"]
[Black "Caprio, Guido"]
[Result "1-0"]
[WhiteTitle "FM"]
[BlackTitle "IM"]
[WhiteElo "2110"]
[BlackElo "2435"]
[WhiteFideId "2231859"]
[BlackFideId "834580"]
[EventDate "2025.08.26"]

1. e4 d6 2. d4 Nf6 3. Nc3 e6 4. g3 Be7 5. Bg2 O-O 6. Nge2 Nc6 7. O-O e5 8. Be3
Ng4 9. Bc1 exd4 10. Nxd4 Nxd4 11. Qxd4 c6 12. h3 Bf6 13. Qd1 Ne5 14. f4 Nc4 15.
Kh2 Qb6 16. Qd3 Nxb2 17. Bxb2 Qxb2 18. e5 dxe5 19. Rab1 Qa3 20. Rb3 Qa5 21. Ne4
Be7 22. f5 f6 23. g4 Kh8 24. h4 Rd8 25. Qg3 Qxa2 26. g5 Qxc2 27. Rf2 Qc4 28. Rc3
Qg8 29. Qg4 Rd4 30. Rg3 Bd7 31. Qh5 Qe8 32. g6 h6 33. Ng5 fxg5 34. hxg5 Bxg5 35.
Rxg5 Kg8 36. f6 Qe6 37. fxg7 Qe7 38. Qxh6 Qxg7 39. Qxg7+ Kxg7 40. Rf7+ Kh6 41.
Rg3 Rg8 42. Rh7# 1-0

[Event "Titled Tue 26th Aug Early"]
[Site "chess.com INT"]
[Date "2025.08.26"]
[Round "2"]
[White "Bluebaum, Matthias"]
[Black "Ganiev, Artur"]
[Result "1-0"]
[WhiteTitle "GM"]
[WhiteElo "2660"]
[BlackElo "2247"]
[WhiteFideId "24651516"]
[BlackFideId "34391550"]
[EventDate "2025.08.26"]

1. d4 Nf6 2. c4 e6 3. Nc3 Bb4 4. e3 O-O 5. Bd2 d5 6. Nf3 c5 7. a3 Bxc3 8. Bxc3
Ne4 9. Rc1 Nxc3 10. Rxc3 cxd4 11. Nxd4 Nc6 12. cxd5 Nxd4 13. Qxd4 Qxd5 14. Qxd5
exd5 15. Be2 Be6 16. Kd2 Rfd8 17. Rd1 d4 18. exd4 Rxd4+ 19. Ke3 Rxd1 20. Bxd1
Rc8 21. Rxc8+ Bxc8 22. Kd4 Kf8 23. Kc5 Ke7 24. Bf3 g6 25. h4 h6 26. Bd5 g5 27.
hxg5 hxg5 28. g3 f6 29. Be4 f5 30. Bg2 Ke6 31. f4 gxf4 32. gxf4 Ke7 33. Bf3 Ke6
34. Bg2 Ke7 35. Kd5 b6 36. Ke5 Kf7 37. Kd6 Kg6 38. Bf3 Ba6 39. Kc7 Bf1 40. Kb7
Bh3 41. Kxa7 Bg4 42. Bc6 Kh5 43. Kxb6 1-0

[Event "Titled Tue 26th Aug Early"]
[Site "chess.com INT"]
[Date "2025.08.26"]
[Round "2"]
[White "Harriott, Tyrell"]
[Black "Purtseladze, Maka"]
[Result "1-0"]
[BlackTitle "IM"]
[WhiteElo "1933"]
[BlackElo "2261"]
[WhiteFideId "2086484"]
[BlackFideId "13602659"]
[EventDate "2025.08.26"]

1. d4 Nf6 2. e3 c5 3. c3 b6 4. f4 Bb7 5. Nf3 g6 6. Bd3 Bg7 7. Nbd2 d5 8. O-O O-O
9. f5 Ba6 10. Bxa6 Nxa6 11. Qe1 c4 12. Qh4 e6 13. fxg6 fxg6 14. Ng5 Qe7 15. Nxh7
Rf7 16. Ng5 Rff8 17. e4 Nh5 18. g4 Bh6 19. Ndf3 dxe4 20. gxh5 exf3 21. hxg6 Bxg5
22. Bxg5 Qg7 23. Qh5 Rf5 24. Rxf3 Raf8 25. Rxf5 Rxf5 26. Re1 Nc7 27. h4 b5 28.
a4 bxa4 29. Kh1 a6 30. Rg1 Nd5 31. Qe2 Qd7 32. Qxc4 Qb7 33. Rg2 Kg7 34. Qxa4 Ne3
35. Bxe3 1-0

[Event "Titled Tue 26th Aug Early"]
[Site "chess.com INT"]
[Date "2025.08.26"]
[Round "2"]
[White "Janukshan, B"]
[Black "Matveeva, Olga"]
[Result "1-0"]
[WhiteTitle "CM"]
[BlackTitle "WIM"]
[WhiteElo "1944"]
[BlackElo "2132"]
[WhiteFideId "29945399"]
[BlackFideId "24107018"]
[EventDate "2025.08.26"]

1. Nf3 d5 2. b3 Nf6 3. Bb2 g6 4. e3 Bg7 5. c4 c6 6. Be2 O-O 7. O-O Bg4 8. d3
Nbd7 9. Nbd2 a5 10. h3 Bxf3 11. Nxf3 a4 12. Qc2 e6 13. Rfd1 Qb6 14. bxa4 Qa5 15.
cxd5 exd5 16. Bc3 Qxa4 17. Qb2 b5 18. Nd4 Rfc8 19. Rdc1 c5 20. Nxb5 Rab8 21.
Rab1 Rb7 22. Bd1 Qa6 23. a4 c4 24. dxc4 dxc4 25. Qa1 Ra8 26. Bf3 Rab8 27. Bxb7
Rxb7 28. Na3 Ra7 29. Nb5 Rb7 30. Rb4 Nc5 31. Rxc4 Nb3 32. Rc8+ Bf8 33. Rxf8+
Kxf8 34. Qa3+ Kg8 35. Qxb3 Ne4 36. Bd4 Qe6 37. Qxe6 fxe6 38. f3 Nd2 39. Rc8+ Kf7
40. Nd6+ 1-0

[Event "Titled Tue 26th Aug Early"]
[Site "chess.com INT"]
[Date "2025.08.26"]
[Round "2"]
[White "Baches Garcia, Guillermo"]
[Black "Iunusov, Nuriddin"]
[Result "0-1"]
[WhiteTitle "IM"]
[BlackTitle "CM"]
[WhiteElo "2305"]
[BlackElo "2007"]
[WhiteFideId "2209764"]
[BlackFideId "13803026"]
[EventDate "2025.08.26"]

1. Nf3 Nf6 2. d4 c5 3. d5 g6 4. Nc3 d6 5. e4 Bg7 6. Bb5+ Bd7 7. a4 O-O 8. O-O
Bg4 9. Re1 Na6 10. h3 Bxf3 11. Qxf3 Nb4 12. Qe2 e6 13. Rd1 exd5 14. exd5 a6 15.
Bc4 Re8 16. Qd2 Qd7 17. Kf1 Qf5 18. Bd3 Qe5 19. Bc4 Qh2 20. Ne2 Ne4 21. Qf4 Qh1+
22. Ng1 Nxc2 23. Ra2 Bd4 24. Be3 Nxf2 25. Bxf2 Bxf2 26. Kxf2 Ne3 27. Rd3 Qxg2+
28. Ke1 Nxd5+ 0-1

[Event "Titled Tue 26th Aug Early"]
[Site "chess.com INT"]
[Date "2025.08.26"]
[Round "2"]
[White "Sailer, Mike"]
[Black "Hejazipour, Mitra"]
[Result "0-1"]
[BlackTitle "WGM"]
[WhiteElo "2108"]
[BlackElo "2329"]
[WhiteFideId "2012901"]
[BlackFideId "12505951"]
[EventDate "2025.08.26"]

1. c4 Nf6 2. Nc3 c5 3. Nf3 d5 4. cxd5 Nxd5 5. e3 Nc6 6. Bb5 Nxc3 7. bxc3 e6 8.
d4 cxd4 9. cxd4 Bb4+ 10. Bd2 Qa5 11. Be2 O-O 12. O-O Bd7 13. a3 Bxd2 14. Nxd2 e5
15. Nc4 Qc7 16. d5 Na5 17. Rc1 Nxc4 18. Rxc4 Qd6 19. Rb4 b6 20. Qb3 f5 21. a4
Kh8 22. Bb5 Rf6 23. Bxd7 Qxd7 24. Rd1 Rd6 25. a5 bxa5 26. Rb7 Qe8 27. Rb5 Rad8
28. Rxa5 a6 29. g3 Qg6 30. Qb7 f4 31. exf4 exf4 32. Qe7 f3 33. Qe3 Qg4 34. h4 h6
35. Kh2 Qb4 36. Rc5 a5 37. Rc6 Rxc6 38. dxc6 Rxd1 0-1

[Event "Titled Tue 26th Aug Early"]
[Site "chess.com INT"]
[Date "2025.08.26"]
[Round "2"]
[White "Dessyn, Timothee"]
[Black "Gustafsson, Jan"]
[Result "1-0"]
[WhiteTitle "FM"]
[BlackTitle "GM"]
[WhiteElo "2334"]
[BlackElo "2591"]
[WhiteFideId "651028859"]
[BlackFideId "4625498"]
[EventDate "2025.08.26"]

1. Nf3 d5 2. g3 c5 3. Bg2 Nc6 4. d4 Nf6 5. O-O cxd4 6. Nxd4 e5 7. Nxc6 bxc6 8.
c4 Rb8 9. Nc3 d4 10. Bxc6+ Bd7 11. Bxd7+ Qxd7 12. Na4 h5 13. e3 h4 14. exd4 hxg3
15. fxg3 Qh3 16. Qe2 Ng4 17. Bf4 Rb4 18. Bxe5 Be7 19. Bd6 Rb7 20. Nc5 Rh6 21.
Nxb7 Re6 22. Qg2 Qxg2+ 23. Kxg2 Ne3+ 24. Kf3 Nxf1 25. Rxf1 Bxd6 26. Nxd6+ Rxd6
27. Ke4 Re6+ 28. Kd3 Rh6 29. Rf2 Ke7 30. c5 Ke6 31. Kc4 f5 32. d5+ Ke5 33. Re2+ 1-0

[Event "Titled Tue 26th Aug Early"]
[Site "chess.com INT"]
[Date "2025.08.26"]
[Round "2"]
[White "Molaei, Mohammadamin"]
[Black "Cai, Chaoruo"]
[Result "1-0"]
[WhiteTitle "IM"]
[BlackTitle "CM"]
[WhiteElo "2325"]
[BlackElo "2274"]
[WhiteFideId "12541451"]
[BlackFideId "8618402"]
[EventDate "2025.08.26"]

1. d4 d5 2. c4 c6 3. cxd5 cxd5 4. Bf4 Nc6 5. e3 Bf5 6. Nc3 a6 7. Rc1 e6 8. Qb3
Qd7 9. Nf3 Nf6 10. a3 Be7 11. Na4 O-O 12. Nb6 Na5 13. Qc3 Ne4 14. Nxd7 Nxc3 15.
Rxc3 Rfc8 16. Nb6 Rxc3 17. bxc3 Rd8 18. Bc7 Rf8 19. Nd7 Rc8 20. Bxa5 Bxa3 21.
Kd2 Rc6 22. Bd3 Bxd3 23. Kxd3 f6 24. Bb4 Bxb4 25. cxb4 Rd6 26. Nc5 Rb6 27. Kc3
Kf7 28. e4 dxe4 29. Nxe4 Rc6+ 30. Kb3 Ke7 31. Rd1 f5 32. Nc3 Kd6 33. d5 Rc7 34.
dxe6+ Kxe6 35. Re1+ Kf7 36. Ne5+ Kf8 37. Nd5 Rc8 38. Nd7+ Kf7 39. Re7+ Kg6 40.
Ne5+ Kh6 41. f4 Rc1 42. h3 Rb1+ 43. Kc2 Rg1 44. g4 Rg2+ 45. Kd1 Rg1+ 46. Ke2
fxg4 47. hxg4 Rg2+ 48. Kf3 Rb2 49. Nf7+ Kg6 50. Ng5 Kh6 51. Re6+ g6 52. Re7 Rb3+
53. Ke4 Rb2 54. Rxh7# 1-0

[Event "Titled Tue 26th Aug Early"]
[Site "chess.com INT"]
[Date "2025.08.26"]
[Round "2"]
[White "Chen, Yidong"]
[Black "Sherman, Raem"]
[Result "1/2-1/2"]
[BlackTitle "FM"]
[WhiteElo "2068"]
[BlackElo "2350"]
[WhiteFideId "8607028"]
[BlackFideId "2822288"]
[EventDate "2025.08.26"]

1. e4 e6 2. d4 d5 3. Nd2 c5 4. Ngf3 cxd4 5. exd5 Qxd5 6. Bc4 Qd6 7. O-O Nf6 8.
Nb3 Nc6 9. Nbxd4 Nxd4 10. Nxd4 Be7 11. c3 O-O 12. Qf3 Qc7 13. Bb3 a5 14. a4 Bd7
15. Rd1 Rfd8 16. h3 Bc6 17. Nxc6 bxc6 18. Bc2 Rxd1+ 19. Qxd1 Rd8 20. Qe2 Nd5 21.
Qe4 g6 22. Bh6 Bf6 23. Rd1 Bg7 24. Bg5 Rb8 25. c4 Nb4 26. b3 Nxc2 27. Qxc2 Qe5
28. Be3 Qc3 29. Qxc3 Bxc3 30. Rb1 e5 31. Kf1 f5 32. f3 Kf7 33. Ke2 Ke6 34. Kd3
Bb4 35. Rd1 Rd8+ 36. Kc2 Rxd1 37. Kxd1 e4 38. fxe4 fxe4 39. Ke2 h5 40. Bb6 Kf5
41. Bc7 g5 42. Ke3 c5 43. Bb6 g4 44. hxg4+ Kxg4 45. Bc7 Kf5 46. Bd6 Ba3 47. Bc7
Bb4 48. Bb6 h4 49. Bc7 Bc3 50. Bb6 Kg4 51. Bc7 Kf5 52. Bb6 Bd4+ 53. Ke2 Kg4 54.
Bc7 Bg1 55. Bd6 Bd4 56. Bc7 Bf6 57. Bd6 Bd4 58. Bc7 1/2-1/2

[Event "Titled Tue 26th Aug Early"]
[Site "chess.com INT"]
[Date "2025.08.26"]
[Round "2"]
[White "Kuzhylnyi, Oleksandr"]
[Black "Mohylnyi, Stepan"]
[Result "1-0"]
[WhiteTitle "CM"]
[BlackTitle "FM"]
[WhiteElo "2293"]
[BlackElo "2275"]
[WhiteFideId "34110500"]
[BlackFideId "34127836"]
[EventDate "2025.08.26"]

1. b3 Nf6 2. Bb2 g6 3. Nf3 Bg7 4. g3 O-O 5. Bg2 d5 6. O-O c5 7. e3 Nc6 8. Ne5
Bd7 9. Nxd7 Qxd7 10. d3 e5 11. Nd2 Qc7 12. e4 d4 13. a4 Nd7 14. f4 f5 15. exf5
gxf5 16. fxe5 Ndxe5 17. Qh5 Ne7 18. Nc4 Ng4 19. Rae1 Rae8 20. Bc1 Qd7 21. Bg5
Ng6 22. Bd2 Rxe1 23. Rxe1 N6e5 24. Nxe5 Nxe5 25. Qe2 Ng6 26. Qe6+ Qxe6 27. Rxe6
b6 28. a5 Rb8 29. Bh3 bxa5 30. Ra6 Ne7 31. Rxa5 Rb7 32. Rxc5 Kf7 33. Bg2 Rd7 34.
b4 Bf6 35. b5 Ke6 36. Kf2 Nd5 37. Rc8 1-0